| 000 | 00967 a2200205 4500 | ||
|---|---|---|---|
| 003 | NUST | ||
| 005 | 20230705093531.0 | ||
| 010 | _a 74034212 | ||
| 020 | _a871501198 | ||
| 040 | _cNust | ||
| 082 | 0 | 0 | _a510,KOV |
| 100 | 1 |
_aKovacic, Michael L. _9113349 |
|
| 245 | 1 | 0 |
_aMathematics : _bfundamentals for managerial decision-making / _cMichael L. Kovacic. |
| 260 |
_aBoston : _bPrindle, Weber & Schmidt, _c1971. |
||
| 300 |
_axii,464 p.; _bill. ; _c25 cm. |
||
| 505 | _aSets and Subsets (Page-1), Properties and Applications of Real Numbers (Page-13), Relations Functions and Graphs (Page-49), Mathematics of Monetary Matters (Page-93), Systems of Equations (Page-123), Matrices (Page-141), Elementary Linear Programming (Page-173), Introductory Probability (Page-207), Differential Calculus (Page-173), Integral Calculus (Page-347). | ||
| 650 | 0 |
_aBusiness mathematics. _939083 |
|
| 650 | 0 |
_aDecision making _xMathematical models. _944615 |
|
| 942 |
_2ddc _cBK _k510,KOV |
||
| 999 |
_c180033 _d180033 |
||